| 000 | 02492nam a22002537a 4500 | ||
|---|---|---|---|
| 005 | 20240305165631.0 | ||
| 007 | cr|||| ||| | ||
| 008 | 220502s2020 es |||||s|||| 00||0 spa d | ||
| 020 | _a978-84-122527-9-8 | ||
| 035 | _a35595 | ||
| 040 | _avLex | ||
| 090 |
_c13257 _d13257 |
||
| 100 | 1 | _aRíos Muñoz, Luis Patricio | |
| 245 | 1 | 0 |
_aProceso y principios _h[Recurso electrónico] : _bUna aproximación a los principios procesales / _cLuis Patricio Ríos Muñoz |
| 256 | _aServicio en línea | ||
| 260 |
_aBarcelona: _bJ.M. Bosch Editor, _c2020 |
||
| 300 | _a1 recurso electrónico | ||
| 500 | _aLos Principios Procesales son directrices orientadas a optimizar el desenvolvimiento del Proceso Judicial. Por ello, referirse a los Principios Procesales es referirse al Proceso Judicial, y viceversa, puesto que todo Proceso Judicial que se precie de tal, debe contemplar un mínimo de principios garantes, sin los cuales degenerará en algo distinto. El presente libro pretende aproximarse a responder ¿qué son los principios procesales?, ¿para qué sirven?, ¿cuál es su origen?, ¿es el Debido Proceso el gran «mega principio»? Para responder a estas interrogantes, la obra reformula el alto número de principios procesales a cuatro grandes categorías conceptuales: (a) Principios garantes del Proceso con rango constitucional o convencional y sin los cuales sencillamente no podría hablarse de Proceso; (b) Principios procesales específicos o stricto sensu que inciden en el mejor desenvolvimiento de los diferentes tipos de procesos; (c) Reglas técnicas similares a los actuales principios del procedimiento; (d) y Sistemas como conjuntos organizados de principios y reglas. Destacan la manera crítica y multidisciplinar como la obra trabaja el tema escogido, teniendo en cuenta el pensamiento de procesalistas y filósofos del Derecho. Se trata pues, de una obra que cumple su objetivo, al ser un estudio efectuado en profundidad, documentado y coherente, sobre la comprensión de los Principios Procesales. | ||
| 506 | 1 |
_aDisponible solo en los productos indicados _dvLex Global _dvLex Global (Academic Edition, excluding Law Schools) _dvLex Global (U.S. Academic Edition, Law Schools) _dvLex Global (U.S. Academic Edition, excluding Law Schools) _dvLex Global (Academic Edition, Law Schools) |
|
| 650 | 0 | 4 |
_aDerecho Procesal _zEspaña |
| 740 | 0 | _avLex Libros (Servicio en línea) | |
| 856 | 4 | 0 | _uhttps://app.vlex.com/#/sources/35595 |
| 942 | _cRAA | ||
| 999 |
_c171493 _d171493 |
||